Kratochwílná Píseň frajkóru Mysliwců k obweselení wydaná

Bibliographic Details
Corporate Author: Škarnicel, Jozef (Skalica, Slovensko) (Printer)
Format: Book
Language:Slovak
PhysicalDescription:[8] s. 10 cm
Published: W Skalici u dědičů J. Škarnicla 1888
Subjects:

MARC

LEADER 00000nam a2200000 a 4500
001 vtls011743428
003 SK-MaSNL
005 20260301182843.0
008 200115s1888 xo a 0 an0 slo
015 |a SNBHFA1888 
035 |a urn:nbn:sk:snk-am00cw76 
035 |a urn:nbn:sk:snk-am3hnim 
035 |a 2A7115AC-B629-45E1-B6A5-06AC9B98B4DE 
040 |a SNKHF  |b slo  |c SNK  |e AACR2 
041 0 |a slo 
044 |a xo  |c SK 
072 7 |a 09  |x Rukopisy, prvotlače, staré tlače. Vzácne a pozoruhodné diela  |2 konspekt 
080 |a 098:398.51  |2 1981 
130 0 |a Kratochwílná  |9 351366 
245 1 0 |a Kratochwílná Píseň frajkóru Mysliwců k obweselení wydaná 
260 |a W Skalici  |b u dědičů J. Škarnicla  |c 1888 
300 |a [8] s.  |c 10 cm 
500 |a Titulná strana s drevorezom 
501 |a Prív. 1.: Kratochwílná Pjseň k obweselenj Fraykoru Mysliweckému. W Skalicy : v Škarnycla Synů, 1858.  |5 SNK SE 102/10 
501 |a Prív. 2.: Nowá Pjseň o zeleném Mysliwečku. W Skalici : u Jozefa Škarnicla, 1877.  |5 SNK SE 102/10 
501 |a Prív. 3.: Pjseň pro obweselenj mysle na swětlo wydaná. W Skalici : u dědičů J. Škarnicla, 1879.  |5 SNK SE 102/10 
546 |a Slovenčina  |b Fraktúra 
650 0 7 |a jarmočné tlače  |2 SNKPH  |9 256383 
710 0 |a Škarnicel, Jozef (Skalica, Slovensko)  |4 prt  |9 271317 
752 |a Slovensko  |d Skalica 
852 |a SNK  |p SE 102/10 
958 |a ONDV 
999 |c 855049  |d 856979 
952 |a SNK  |b SNK  |y PREZ  |7 0  |p 17A0731178  |o snkSE 102/10  |i snk1017/28  |0 0  |1 0  |4 0  |d 2018-02-26  |f 1  |l 0  |r 2026-02-24 04:54:01  |w 2026-02-24